[Event "Canadian op"]
[Site "Edmonton"]
[Date "2009.07.15"]
[Round "5.48"]
[White "Mackey, John"]
[Black "Fan, Brendan"]
[Result "0-1"]
[WhiteElo "1743"]
[BlackElo "1992"]
[PlyCount "98"]
[EventDate "2009.07.11"]
[EventType "swiss"]
[EventRounds "9"]
[EventCountry "CAN"]
[SourceTitle "EXT 2022"]
[Source "ChessBase"]
[SourceDate "2021.10.06"]
[SourceVersion "1"]
[SourceVersionDate "2021.10.06"]
[SourceQuality "1"]

1. d4 Nf6 2. Nf3 d5 3. g3 Bf5 4. Bg2 e6 5. 0-0 Bd6 6. c4 c6 7. Qb3 b6 8. Nc3 Nbd7 9. Re1 0-0 10. Nh4 Rc8 11. Nxf5 dxc4 12. Nh6+ gxh6 13. Qxc4 Kg7 14. e4 e5 15. Be3 Ng4 16. Bd2 Qf6 17. f3 exd4 18. fxg4 Ne5 19. Qf1 Qxf1+ 20. Rxf1 dxc3 21. Bxc3 f6 22. h3 Rce8 23. Rfd1 Rd8 24. b3 Rfe8 25. Rac1 c5 26. Rd5 Nc6 27. Kf2 Be5 28. Bd2 Bd4+ 29. Ke2 Re5 30. Kd3 Rde8 31. Rf1 a5 32. a4 Rxd5 33. exd5 Nb4+ 34. Bxb4 Re3+ 35. Kc4 axb4 36. d6 Kf7 37. Bc6 Ke6 38. d7 Ke7 39. Rf5 Be5 40. Rh5 Bc7 41. Rxh6 Re6 42. Rxh7+ Kd6 43. Bb5 Re3 44. Ba6 Bd8 45. Bc8 Kc6 46. Bb7+ Kxb7 47. Kd5 Rxb3 48. h4 Rxg3 49. h5 b3 0-1

[Event "Canadian op"]
[Site "Edmonton"]
[Date "2009.07.11"]
[Round "1"]
[White "Mackey, John"]
[Black "Haessel, Dale R"]
[Result "0-1"]
[WhiteElo "1700"]
[BlackElo "2204"]
[PlyCount "86"]
[EventDate "2009.07.11"]
[EventType "swiss"]
[EventRounds "9"]
[EventCountry "CAN"]
[SourceTitle "CBM 132 Extra"]
[Source "ChessBase"]
[SourceDate "2009.11.03"]
[SourceVersion "1"]
[SourceVersionDate "2009.11.03"]
[SourceQuality "1"]

1. d4 Nf6 2. Nf3 g6 3. g3 Bg7 4. Bg2 d5 5. c4 0-0 6. 0-0 dxc4 7. Ne5 c5 8. dxc5 Qc7 9. c6 Nxc6 10. Nxc6 bxc6 11. Na3 c3 12. bxc3 Nd5 13. Bb2 Rb8 14. Qc2 Rxb2 15. Qxb2 Bxc3 16. Qc2 Bxa1 17. Bxd5 Be5 18. Qxc6 Qxc6 19. Bxc6 Be6 20. Nb5 a6 21. f4 Bf6 22. Nc7 Rc8 23. Nxe6 Rxc6 24. Ng5 Rc2 25. Kf2 Bxg5 26. fxg5 Rxa2 27. Rb1 a5 28. Rb7 e6 29. Ra7 a4 30. Kf3 a3 31. Kf2 Ra1 32. Kg2 a2 33. h4 Kg7 34. Kf2 h6 35. Kg2 hxg5 36. hxg5 Kf8 37. Kf2 Ke8 38. Ke3 Kd8 39. Kd2 Kc8 40. Kc2 Re1 41. Rxa2 Rxe2+ 42. Kb3 Rxa2 43. Kxa2 Kc7 0-1

[Event "Canadian op"]
[Site "Edmonton"]
[Date "2005.07.10"]
[Round "3"]
[White "Mackey, John"]
[Black "Klein, Gernot"]
[Result "1/2-1/2"]
[WhiteElo "1720"]
[BlackElo "2023"]
[PlyCount "84"]
[EventDate "2005.07.09"]
[EventType "swiss"]
[EventRounds "10"]
[EventCountry "CAN"]
[SourceTitle "CBM 107 Extra"]
[Source "ChessBase"]
[SourceDate "2005.09.01"]
[SourceVersion "1"]
[SourceVersionDate "2005.09.01"]
[SourceQuality "1"]

1. d4 d5 2. Nf3 c6 3. c4 e6 4. e3 Bd6 5. Nc3 f5 6. g3 Nf6 7. Bg2 0-0 8. 0-0 Nbd7 9. Qb3 b6 10. Re1 Bb7 11. Bd2 Ne4 12. Rad1 Rc8 13. Bc1 Qe7 14. Nd2 Nxc3 15. bxc3 Nf6 16. f3 c5 17. e4 fxe4 18. fxe4 dxe4 19. Nxe4 Nxe4 20. Bxe4 Bxe4 21. Rxe4 Qf6 22. Re2 Qf3 23. Qc2 cxd4 24. cxd4 e5 25. Be3 exd4 26. Bxd4 Bc5 27. Bxc5 Rxc5 28. Qe4 Qxe4 29. Rxe4 Rfc8 30. Rd7 Rxc4 31. Ree7 Rg4 32. Rxa7 h5 33. Reb7 h4 34. Kg2 hxg3 35. hxg3 Rc3 36. Rxb6 Rgxg3+ 37. Kf2 Rcf3+ 38. Ke2 Ra3 39. Rba6 Rxa6 40. Rxa6 Kf7 41. a4 Ke7 42. a5 Ra3 1/2-1/2